000 00557nam a2200157 i 4500
001 84138
003 ES-MaACL
005 20230906174943.0
007 t|
008 041119s1969 sp ||||1| spa d
245 0 0 _aJalones de la Historia de la Salvación en el Antiguo y Nuevo Testamento /
_cXXVI Semana Bíblica Española [Madrid 6-11 Sept. 1965].
260 _aMadrid :
_bInstituto Francisco Suárez,
_c1969.
300 _a2 v. ;
_c26 cm.
711 2 _aSemana Bíblica Española (
_n26ª.
_d1965.
_cMadrid)
_9972
852 _aES-MaACL
_jC-41808-9
_bR.73086
999 _c84138
_d84138